000 00596nam a22001577a 4500
003 macl
005 20221119132454.0
008 221119b |||||||| |||| 00| 0 eng d
040 _cmacl
082 _a891.433/RAI/N
100 _aराय ,प्रतिभा
_981548
245 _a1999 के भयंकर ओडिशा साइक्‍लोन पर आधारित उपन्‍यास मग्‍नमाटी
260 _aदिल्‍ली
_bराजपाल एण्‍ड सन्‍स
_c2022
650 _aउपन्‍यास
942 _2ddc
_cHIN
999 _c65610
_d65610